000 01556 a2200217 4500
001 41100
005 20260407155704.0
008 260407a1996 arg spa d
003 AR-UNSa-BCEJYS
040 _aAR-UNSa-BCEJYS
_bspa
_cAR-UNSa-BCEJYS
080 _a342.4
_xConstituciones. Asambleas legislativas. Asambleas nacionales (Reforma...)
245 1 0 _aConstitución Argentina
_pcomentada y concordada
020 _a950-508-450-1
264 1 _aBuenos Aires :
_bAstrea
_c1996
300 _axxiii, 633 p.
_c20 cm.
505 _aPRIMERA PARTE. 1. Declaraciones, derechos y garantías - 2. Nuevos derechos y garantías --SEGUNDA PARTE. Autoridades de la Nación. Título primero: Gobierno Federal. Sección primera: Del poder legislativo . 1. De la cámara de diputados - 2. Del senado - 3. Disposiciones comunes a ambas cámaras - 4. Atribuciones del congreso - 5. De la formación y sanción de las Leyes - 6. De la auditoría general de la nación - 7. Del defensor del pueblo -- Sección segunda: Del poder ejecutivo. 1. De su naturaleza y duración - 2. De la forma y tiempo de la elección del presidente y vicepresidente de la Nación - 3. Atribuciones del poder ejecutivo - 4. Del jefe de gabinete y demás ministros del poder ejecutivo -- Sección Tercera: Del poder judicial. 1. De su naturaleza y duración - 2. Atribuciones del poder judicial -- Sección Cuarta: Del ministerio público -- Título Segundo: Gobiernos de Provincia
041 _aspa
942 _cBK
590 _aniveau_biblio:m niveau_hierar:0
100 1 _aZarini, Helio Juan
999 _c3368
_d3368